|
|
|
|
| LEADER |
01163nam a2200289 a 4500 |
| 001 |
GR-MES13152 |
| 008 |
070921s gr b 001 0 gre d |
| 020 |
|
|
|a 1402039565
|q (HB)
|
| 020 |
|
|
|a 1402039573
|q (PB)
|
| 020 |
|
|
|a 1402039581
|q (e-book)
|
| 040 |
|
|
|a GrPaTEI
|b gre
|c GR-PaULI
|
| 040 |
|
|
|a GrPaTEI
|b gre
|c GR-PaULI
|
| 082 |
|
0 |
|a 577.144
|2 21
|
| 100 |
1 |
|
|a Mannion, A. M.
|
| 245 |
1 |
0 |
|a Carbon and its domestication /
|c by A.M. Mannion.
|
| 260 |
|
|
|a Dordrecht, The Netherlands :
|b Springer :
|b c2006
|
| 300 |
|
|
|a xiv
|a 319σ. :
|b εικ., χάρτες ;
|c 25εκ.
|
| 504 |
|
|
|a Περιλαμβάνει βιβλιογραφίες και ευρετήριο.
|
| 650 |
|
0 |
|a Carbon
|
| 650 |
|
4 |
|a Ανθρακας
|
| 653 |
|
|
|a Carbon--Environmental aspects
|
| 653 |
|
|
|a Carbon--Political aspects
|
| 653 |
|
|
|a Άνθρακας--Περιβαλλοντικές απόψεις
|
| 942 |
|
|
|2 ddc
|
| 952 |
|
|
|0 0
|1 0
|2 ddc
|4 0
|6 577_144000000000000
|7 0
|9 271659
|a MSLG
|b MSLG
|c BSC
|d 2021-01-17
|e 24
|f 0
|g 0.00
|l 0
|o 577.144
|p 2420000022525
|r 2021-01-17 00:00:00
|t 1
|w 2021-01-17
|y BK15
|x 20070921 0 ΓΑΒΡΙΝΑ 1
|x GrPaTEI
|
| 971 |
|
|
|a .b25792003
|b 15-04-20
|c 13-09-16
|
| 999 |
|
|
|c 156958
|d 156958
|